La hipótesis monetarista del proceso inflacionario en el caso argentino (Registro nro. 24860)
[ vista simple ]
| 000 -LEADER | |
|---|---|
| fixed length control field | 00357 a2200109 4500 |
| 001 - CONTROL NUMBER | |
| control field | ART_11017 |
| 005 - DATE AND TIME OF LATEST TRANSACTION | |
| control field | 20260410161849.0 |
| 008 - FIXED-LENGTH DATA ELEMENTS--GENERAL INFORMATION | |
| fixed length control field | 260409a |
| 100 1# - MAIN ENTRY--PERSONAL NAME | |
| Personal name | Sanguinetti, Pablo |
| 245 10 - TITLE STATEMENT | |
| Title | La hipótesis monetarista del proceso inflacionario en el caso argentino |
| 773 0# - HOST ITEM ENTRY | |
| Title | Económica |
| Related parts | - Año XXXIII,Nº 2 (jul./dic. 1987) |
| Record control number | REV7541 |
No hay ítems disponibles.